00341pab a2200121 454500008004000000100001500040245008200055260000900137300001100146362000900157650002500166773002800191180718b1985 xxu||||| |||| 00| 0 eng d aHann, C.M. aRural transformation in the East Blaack Sea Coast of TurkeybA note on Keyder c1985 a101-10 aJuly aLand Tenure - Turkey aJr. of Peasants Studies